000 00521nam a2200193Ia 4500
005 20250326141741.0
008 250326s9999 xx 000 0 und d
020 _a81-7041-292-7
037 _aTextbook
040 _aFMSL
_beng
_cFMSL
041 _aeng
_2eng
084 _aX8(A) N0
_qFMSL
100 _aKhan N A
_9237164
245 0 _aSickness in Industrial units
_cKhan N A
260 _aNew Delhi
_bNew Delhi, Anmol Pub.
_c1990
300 _a137p
942 _cTB
_hX8(A) N0
999 _c1291794
_d1291794